000 00440nam a2200181Ia 4500
005 20250603145132.0
008 250603s9999 xx 000 0 und d
020 _a978785579666
050 _aKP 109 . U4/
100 _aUmaru, Ibrahim
245 0 _aIntellectual property law in Nigeria
260 _aSokoto
260 _bUsman Danfodio university press ltd.
260 _c2018
300 _a277 p
650 _aSokoto
942 _cBK
999 _c40981
_d40981